000 00661nam a22002057a 4500
003 OSt
005 20251204104346.0
008 251204b |||||||| |||| 00| 0 eng d
020 _a978-971-23-5245-4.
040 _aDWCL-Admin lib
_cOC
082 _aFil. 150.287 S237p 2009
100 _aSantos, Zenaida Cansio
245 _a Psychological measurement and evaluation /
_cZenaida Cansio Santos
260 _aManila :
_bRex Book Store,
_cc2009.
300 _aviii, 221 p. ;
_c23 cm.
504 _aIncludes bibliographical references & index.
650 _a1. Psychological tests
700 _aPastor, Gloria Nuevo
942 _2ddc
_cBK - FIL
_e1st ed.
_kFil.
_n0
999 _c6811
_d6811